000 00261nam a22001217a 4500
008 180216b xxu||||| |||| 00| 0 eng d
041 _aeng
080 _a53
100 _a43
101 _afiz
245 _afundamentals of physics
_chenry,s
942 _2udc
_cBK
999 _c42745
_d42745